Fidlikant na streche Slávny muzikál v príťažlivej podobe

Bibliographic Details
Main Author: Marenčinová, Edita, 1943- (Author)
Format: Article
Language:Slovak
Subjects:

MARC

LEADER 00000nab a2200000 a 4500
001 vtls000376571
003 SK-MaSNL
005 20260304203940.0
008 040806c1990 xo 0 slo
015 |a SNBRB19rr/mm-uuuuu 
035 |a CL0376693 
040 |a SNKBUCL  |b slo  |c SNKBUCL  |e AACR2 
041 0 |a slo 
044 |a xo  |c SK 
080 |a 792.5  |2 1981 
100 1 |a Marenčinová, Edita,  |d 1943-  |4 aut 
245 1 0 |a Fidlikant na streche  |b Slávny muzikál v príťažlivej podobe  |c Dita Marenčinová 
500 |a Réžia a choreografia Boris Slovák 
600 1 7 |a Stein, Joseph,  |d 1912-  |t Fidlikant na streche  |2 snkbucl  |9 1206536 
600 1 7 |a Bock, Jerry,  |d 1928-  |t Fidlikant na streche  |2 snkbucl  |9 1206537 
610 2 7 |a Štátne divadlo Košice.  |b Opera  |2 snkbucl  |9 125500 
630 0 7 |a Fidlikant na streche (muzikál)  |2 snkbucl  |9 833286 
650 0 7 |a muzikály  |2 snkbucl  |9 3332 
650 0 7 |a divadelné inscenácie  |2 snkbucl  |9 3326 
655 7 |a recenzie  |2 snkbucl  |9 21907 
655 7 |a články z novín a časopisov  |2 snkbucl  |9 267496 
773 0 |t Východ  |g Roč. 1, č. 36 (12. 2. 1990), s. /4/ 
850 |a Slovenská národná knižnica v Martine  |a MTA001 
852 |a SNK  |b KIS3GCP 
999 |c 3113386  |d 3115316